000 00573nam a2200181 4500
005 20251014102654.0
008 251014b |||||||| |||| 00| 0 eng d
020 _a978-81-7534-444-0
040 _aNational Science Library
_cNational Science Library
080 _a347.4
_bP8
100 _aRyder, Rodney D
245 _aDrafting corporate & commercial agreements:
_bLegal drafting guidelines, forms & precedents
260 _aDelhi:
_bUniversal Law Publishing Co. Pvt. Ltd.,
_c2005
300 _axxi, 818p.
650 _aLaw
650 _aFinance
942 _2udc
_cBK
999 _c67815
_d67815